[Event "Copa Latinoamericana de Ajedrez 2011"]
[Site "Montevideo URU"]
[Date "2011.11.02"]
[Round "2.81"]
[White "Martinez, Carlos"]
[Black "Martyniuk, Carolina"]
[Result "0-1"]
[WhiteElo "1882"]
[BlackElo "1959"]
[PlyCount "80"]
[EventDate "2011.11.01"]
[EventType "swiss"]
[EventRounds "9"]
[EventCountry "URU"]
[Source "lmi"]
[SourceDate "2011.11.01"]

1. e4 g6 2. d4 Bg7 3. Nf3 d6 4. Bc4 Nf6 5. Nc3 c6 6. O-O b5 7. Bd3 O-O 8. Re1
b4 9. Ne2 c5 10. dxc5 dxc5 11. Be3 Qc7 12. Ng3 Ng4 13. Rb1 Nxe3 14. fxe3 Nd7
15. b3 Qa5 16. Nh4 Ne5 17. Qc1 Rd8 18. Be2 Ng4 19. h3 Ne5 20. a3 bxa3 21. Ra1
a2 22. c3 Nd3 23. Bxd3 Rxd3 24. Qc2 Qxc3 25. Rxa2 Qxe1+ 26. Nf1 Rd1 27. Qc4
Qxh4 28. Rf2 Be6 29. Qxc5 h5 30. Qc6 Rc8 31. Qb7 Rcc1 32. Qxa7 Qxe4 33. Qb8+
Kh7 34. Qg3 Be5 35. Qg5 Rxf1+ 36. Rxf1 Bh2+ 37. Kxh2 Rxf1 38. Qxe7 Qe5+ 39. g3
Rf2+ 40. Kg1 Qxg3+ 0-1

[Event "Copa Latinoamericana de Ajedrez 2011"]
[Site "Montevideo URU"]
[Date "2011.11.02"]
[Round "2.82"]
[White "Alsina, Ruben"]
[Black "Hernandez, Rafael"]
[Result "0-1"]
[WhiteElo "1945"]
[BlackElo "1827"]
[PlyCount "78"]
[EventDate "2011.11.01"]
[EventType "swiss"]
[EventRounds "9"]
[EventCountry "URU"]
[Source "lmi"]
[SourceDate "2011.11.01"]

1. Nf3 Nf6 2. c4 d6 3. g3 g6 4. d4 Bg7 5. Bg2 O-O 6. O-O Nc6 7. Nc3 e5 8. d5
Ne7 9. h3 Nd7 10. e4 a5 11. Be3 h6 12. a3 f5 13. g4 fxg4 14. hxg4 g5 15. b4 Nf6
16. Nh2 axb4 17. Nb5 bxa3 18. c5 a2 19. f3 Ng6 20. Rf2 Bd7 21. Nc3 Nf4 22.
Rfxa2 Rxa2 23. Rxa2 h5 24. gxh5 N6xh5 25. Rb2 Nxg2 26. Kxg2 Nf4+ 27. Kh1 Bc8
28. Ng4 Bxg4 29. fxg4 Qf6 30. Nb5 Qg6 31. Qb1 Qf6 32. Rf2 Qe7 33. Qc2 Rf6 34.
cxd6 Rh6+ 35. Rh2 Rxh2+ 36. Kxh2 cxd6 37. Qc8+ Bf8 38. Bb6 Qh7+ 39. Kg1 Qxe4
0-1

[Event "Copa Latinoamericana de Ajedrez 2011"]
[Site "Montevideo URU"]
[Date "2011.11.02"]
[Round "2.83"]
[White "Nuñez, Hiber"]
[Black "Villarreal, Julio"]
[Result "0-1"]
[WhiteElo "1865"]
[BlackElo "1942"]
[PlyCount "60"]
[EventDate "2011.11.01"]
[EventType "swiss"]
[EventRounds "9"]
[EventCountry "URU"]
[Source "lmi"]
[SourceDate "2011.11.01"]

1. d4 d5 2. c4 Nf6 3. Nc3 Bf5 4. Nf3 e6 5. e3 c6 6. a3 Bd6 7. Be2 Nbd7 8. O-O
Ne4 9. cxd5 exd5 10. Nd2 Qg5 11. f4 Qh6 12. Nf3 f6 13. Bd2 g5 14. g3 gxf4 15.
exf4 Rg8 16. Ne1 O-O-O 17. Ng2 Rg7 18. Nxe4 Bxe4 19. Bf3 f5 20. Rc1 Nf6 21. Rc3
Rdg8 22. Qa4 Bb8 23. b4 Qh3 24. b5 Bxf3 25. Rcxf3 Ng4 26. Rc1 Qxh2+ 27. Kf1
Qh1+ 28. Ke2 Qxg2+ 29. Kd1 Qxf3+ 30. Kc2 Rc7 0-1

[Event "Copa Latinoamericana de Ajedrez 2011"]
[Site "Montevideo URU"]
[Date "2011.11.02"]
[Round "2.84"]
[White "Alvarez, Miguel"]
[Black "Homrich Moritz, Diego"]
[Result "1-0"]
[WhiteElo "1932"]
[BlackElo "1793"]
[PlyCount "57"]
[EventDate "2011.11.01"]
[EventType "swiss"]
[EventRounds "9"]
[EventCountry "URU"]
[Source "lmi"]
[SourceDate "2011.11.01"]

1. e4 c5 2. f4 d6 3. Nf3 Nf6 4. Nc3 Nc6 5. Bc4 e6 6. O-O Be7 7. d3 O-O 8. a3 a6
9. Qe1 Re8 10. e5 dxe5 11. fxe5 Nd5 12. Ne4 Qc7 13. Qg3 f5 14. Neg5 g6 15. Nh4
Bf8 16. Nxf5 exf5 17. Bxd5+ Kg7 18. Nxh7 Qxe5 19. Nxf8 Qxg3 20. hxg3 Rxf8 21.
Bd2 Re8 22. Rae1 Bd7 23. Bc3+ Kh6 24. Kf2 Rxe1 25. Rxe1 Re8 26. Rh1+ Kg5 27.
Rh7 Rd8 28. Rf7 Be8 29. Bd2+ 1-0

[Event "Copa Latinoamericana de Ajedrez 2011"]
[Site "Montevideo URU"]
[Date "2011.11.02"]
[Round "2.85"]
[White "Nacelle, Daniel"]
[Black "Orguim Da Silva, Joao Carlos"]
[Result "0-1"]
[WhiteElo "1860"]
[BlackElo "1932"]
[PlyCount "78"]
[EventDate "2011.11.01"]
[EventType "swiss"]
[EventRounds "9"]
[EventCountry "URU"]
[Source "lmi"]
[SourceDate "2011.11.01"]

1. d4 d5 2. c4 c6 3. Nf3 Nf6 4. Nc3 dxc4 5. e4 b5 6. a3 e6 7. Be2 Bb7 8. Bg5
Be7 9. e5 Nd5 10. Bxe7 Nxc3 11. Bxd8 Nxd1 12. Rxd1 Kxd8 13. Ng5 Ke7 14. Ne4 Nd7
15. Nd6 Rab8 16. f4 Nb6 17. Bf3 Nd5 18. Bxd5 cxd5 19. g4 Ba6 20. Kd2 g6 21. Kc3
Bc8 22. Kb4 Bd7 23. Rhf1 Ra8 24. Rd2 a5+ 25. Kc3 Rhb8 26. Rdf2 b4+ 27. axb4
Rxb4 28. f5 Rab8 29. fxg6 Rb3+ 30. Kd2 Rxb2+ 31. Ke3 Rxf2 32. Rxf2 Rb3+ 33. Kf4
hxg6 34. Kg5 Be8 35. h4 c3 36. Ra2 a4 37. Nxe8 Kxe8 38. Rxa4 c2 39. Ra8+ Kd7
0-1

[Event "Copa Latinoamericana de Ajedrez 2011"]
[Site "Montevideo URU"]
[Date "2011.11.02"]
[Round "2.86"]
[White "Hengles, Roberto Carlos"]
[Black "Uslenghi, Leonel"]
[Result "1-0"]
[WhiteElo "1927"]
[BlackElo "1781"]
[PlyCount "47"]
[EventDate "2011.11.01"]
[EventType "swiss"]
[EventRounds "9"]
[EventCountry "URU"]
[Source "lmi"]
[SourceDate "2011.11.01"]

1. e4 c6 2. d4 d5 3. Nd2 dxe4 4. Nxe4 Bf5 5. Ng3 Bg6 6. h4 h6 7. Nf3 Nd7 8. Bd3
Bxd3 9. Qxd3 e6 10. Bd2 Ngf6 11. Ne4 Qc7 12. O-O-O Be7 13. Kb1 O-O-O 14. g3
Nxe4 15. Qxe4 Nf6 16. Qe2 Rhe8 17. c4 c5 18. Bc3 Nd7 19. dxc5 Bf6 20. Bxf6 gxf6
21. b4 e5 22. Rd6 Re6 23. Rhd1 Nf8 24. Rxd8+ 1-0

[Event "Copa Latinoamericana de Ajedrez 2011"]
[Site "Montevideo URU"]
[Date "2011.11.02"]
[Round "2.87"]
[White "Dos Santos, Jonathan"]
[Black "Marrero, Javier"]
[Result "1-0"]
[WhiteElo "1820"]
[BlackElo "1924"]
[PlyCount "99"]
[EventDate "2011.11.01"]
[EventType "swiss"]
[EventRounds "9"]
[EventCountry "URU"]
[Source "lmi"]
[SourceDate "2011.11.01"]

1. d4 e6 2. Nf3 d5 3. c4 Nf6 4. Bg5 Be7 5. e3 h6 6. Bh4 O-O 7. Nc3 b6 8. Bd3
Bb7 9. O-O Nbd7 10. Rc1 c5 11. cxd5 Nxd5 12. Bxe7 Qxe7 13. Re1 cxd4 14. Nxd4
Rfc8 15. Qd2 Nxc3 16. Rxc3 Rxc3 17. Qxc3 Rc8 18. Qd2 Qg5 19. Bf1 Qd5 20. Rd1
Ne5 21. b3 Rd8 22. f3 Nc6 23. Bc4 Qg5 24. Qc3 Nxd4 25. exd4 Bd5 26. Kf2 Qf4 27.
g3 Qc7 28. Qd3 Qd6 29. Bxd5 Qxd5 30. Qc4 Qb7 31. Rc1 Rd7 32. Ke3 g6 33. Qc8+
Qxc8 34. Rxc8+ Kg7 35. Ke4 h5 36. h3 Kf6 37. a4 Ke7 38. b4 f5+ 39. Ke3 Kf6 40.
h4 a5 41. b5 Rd6 42. f4 Kf7 43. Kd3 Ke7 44. Kc4 Kf6 45. Rc6 Ke7 46. Rc7+ Kf6
47. Rb7 g5 48. hxg5+ Kg6 49. Rc7 e5 50. Rc6 1-0

[Event "Copa Latinoamericana de Ajedrez 2011"]
[Site "Montevideo URU"]
[Date "2011.11.02"]
[Round "2.88"]
[White "Ledesma, Sebastian"]
[Black "Dias Ibañez, Jorge Livi"]
[Result "1-0"]
[WhiteElo "1908"]
[BlackElo "1751"]
[PlyCount "77"]
[EventDate "2011.11.01"]
[EventType "swiss"]
[EventRounds "9"]
[EventCountry "URU"]
[Source "lmi"]
[SourceDate "2011.11.01"]

1. e4 e5 2. Nf3 Nc6 3. d4 exd4 4. Nxd4 Bc5 5. Nb3 Bb6 6. Nc3 d6 7. Qe2 Be6 8.
Be3 Nf6 9. f3 h6 10. O-O-O a5 11. Bxb6 cxb6 12. Nb5 O-O 13. Rxd6 Qe7 14. a4
Rac8 15. N3d4 Nxd4 16. Rxd4 Rc5 17. Qd2 Rfc8 18. Bd3 Bd7 19. c3 Bxb5 20. Bxb5
Rxc3+ 21. bxc3 Qa3+ 22. Kd1 Qa1+ 23. Qc1 Qa2 24. Rd2 Qb3+ 25. Qc2 Qa3 26. Qb2
Qc5 27. Ke2 Nh5 28. g3 Qe5 29. Rd5 Nxg3+ 30. hxg3 Qxg3 31. Ke3 Qg6 32. Qd2 Qf6
33. c4 Kh7 34. Qd4 Qg6 35. Bd7 Qg2 36. Rdh5 Rc5 37. Bf5+ Rxf5 38. exf5 Qc2 39.
f6 1-0

[Event "Copa Latinoamericana de Ajedrez 2011"]
[Site "Montevideo URU"]
[Date "2011.11.02"]
[Round "2.89"]
[White "Cori, Kevin"]
[Black "Zoppolo, Cedric"]
[Result "1-0"]
[WhiteElo "1902"]
[BlackElo "1744"]
[PlyCount "67"]
[EventDate "2011.11.01"]
[EventType "swiss"]
[EventRounds "9"]
[EventCountry "URU"]
[Source "lmi"]
[SourceDate "2011.11.01"]

1. e4 e5 2. Nf3 Nc6 3. Bc4 Be7 4. c3 Nf6 5. d3 d6 6. Bb3 O-O 7. Nbd2 Bg4 8. h3
Bh5 9. Nf1 d5 10. Qe2 dxe4 11. dxe4 Bg6 12. Bc2 Re8 13. g4 Bc5 14. Ng3 h6 15.
Be3 Qe7 16. Nh4 Bxe3 17. Qxe3 Red8 18. Nhf5 Bxf5 19. Nxf5 Qe8 20. g5 Nh5 21.
gxh6 g6 22. h7+ Kh8 23. Qg5 f6 24. Qh6 gxf5 25. Rg1 Qf7 26. Rg8+ Rxg8 27.
hxg8=Q+ Kxg8 28. Bb3 Ng7 29. Qg6 Qxb3 30. axb3 fxe4 31. O-O-O Nd8 32. Rd7 Nde6
33. Qf7+ Kh7 34. Qxe6 1-0

[Event "Copa Latinoamericana de Ajedrez 2011"]
[Site "Montevideo URU"]
[Date "2011.11.02"]
[Round "2.90"]
[White "Guelvenzu, Esteban"]
[Black "Idiarte Borda, Jorge"]
[Result "0-1"]
[WhiteElo "1861"]
[BlackElo "2097"]
[PlyCount "108"]
[EventDate "2011.11.01"]
[EventType "swiss"]
[EventRounds "9"]
[EventCountry "URU"]
[Source "lmi"]
[SourceDate "2011.11.01"]

1. e4 c5 2. Nf3 d6 3. d3 Nc6 4. g3 g6 5. Bg2 Bg7 6. c3 e6 7. Be3 Nge7 8. O-O
O-O 9. Nbd2 b5 10. Re1 Rb8 11. Nf1 b4 12. Qd2 Qa5 13. d4 bxc3 14. bxc3 cxd4 15.
cxd4 Qxd2 16. N1xd2 Ba6 17. Bf1 Bxf1 18. Kxf1 d5 19. Rab1 Rfd8 20. exd5 Nxd5
21. Rxb8 Rxb8 22. Rb1 Rxb1+ 23. Nxb1 h6 24. a3 g5 25. Ke2 g4 26. Ne5 Nxe5 27.
dxe5 Nxe3 28. Kxe3 Bxe5 29. Nd2 f5 30. Nc4 Bc7 31. Kd4 Kf7 32. Kc5 Kf6 33. Kc6
Bd8 34. a4 e5 35. a5 e4 36. a6 h5 37. Kb7 Be7 38. Kc6 Bb4 39. Ne3 Be1 40. Nd1
Ba5 41. Ne3 Kg5 42. Kb7 Bb6 43. Kc6 h4 44. Kd5 h3 45. Ke5 Bc7+ 46. Ke6 Bb6 47.
Ke5 Kg6 48. Nd1 Bc7+ 49. Kd4 Kg5 50. Ke3 Bb6+ 51. Ke2 f4 52. Nc3 f3+ 53. Kf1 e3
54. fxe3 Bxe3 0-1

[Event "Copa Latinoamericana de Ajedrez 2011"]
[Site "Montevideo URU"]
[Date "2011.11.02"]
[Round "2.90"]
[White "Rey, Fernando"]
[Black "Manzanares, Richard"]
[Result "0-1"]
[WhiteElo "1810"]
[BlackElo "1897"]
[PlyCount "92"]
[EventDate "2011.11.01"]
[EventType "swiss"]
[EventRounds "9"]
[EventCountry "URU"]
[Source "lmi"]
[SourceDate "2011.11.01"]

1. e4 e6 2. d4 d5 3. Nd2 dxe4 4. Nxe4 Nd7 5. Nf3 Ngf6 6. Bg5 Be7 7. Nxf6+ Bxf6
8. Bf4 c5 9. Be3 O-O 10. Bc4 b5 11. Be2 a6 12. dxc5 Bxb2 13. Rb1 Bc3+ 14. Nd2
Bb7 15. O-O Qc7 16. Nb3 Rfc8 17. Bf3 b4 18. Bxb7 Qxb7 19. Qh5 a5 20. Nc1 g6 21.
Qg5 Bf6 22. Qf4 Qd5 23. Nb3 Be5 24. Qg5 f6 25. Qg4 a4 26. Rfd1 Qc6 27. Nd4 Bxd4
28. Bxd4 e5 29. Be3 f5 30. Qc4+ Kh8 31. Rd6 Qxd6 32. Qxb4 Nxc5 33. Re1 f4 34.
Bc1 Qd5 35. Rxe5 Nd3 36. Rxd5 Nxb4 37. Bb2+ Kg8 38. Rd2 Rxc2 39. Rxc2 Nxc2 40.
h3 Rd8 41. Be5 Nb4 42. a3 Nc2 43. Bxf4 Nxa3 44. Be5 Nc2 45. Kf1 a3 46. Ke2 Re8
0-1

[Event "Copa Latinoamericana de Ajedrez 2011"]
[Site "Montevideo URU"]
[Date "2011.11.02"]
[Round "2.91"]
[White "Davila, Mario"]
[Black "Belbey, Juan"]
[Result "1-0"]
[WhiteElo "1896"]
[BlackElo "1672"]
[PlyCount "75"]
[EventDate "2011.11.01"]
[EventType "swiss"]
[EventRounds "9"]
[EventCountry "URU"]
[Source "lmi"]
[SourceDate "2011.11.01"]

1. d4 Nf6 2. c4 g6 3. Nc3 Bg7 4. e4 O-O 5. Be3 c6 6. f3 Na6 7. Qd2 d5 8. e5 Ne8
9. h4 dxc4 10. Bxc4 b5 11. Bb3 Bf5 12. g4 b4 13. gxf5 bxc3 14. bxc3 c5 15. fxg6
e6 16. gxh7+ Kh8 17. h5 cxd4 18. cxd4 Nec7 19. h6 Bxe5 20. dxe5 Qe7 21. Bg5 f6
22. exf6 Qc5 23. Rc1 Qe5+ 24. Qe3 Qa5+ 25. Kf2 Nb4 26. Rh4 Nd3+ 27. Qxd3 Qxg5
28. Rg4 Qxf6 29. Rxc7 Qe5 30. Qd4 Qxd4+ 31. Rxd4 a5 32. Rg4 a4 33. Bxe6 a3 34.
Rg8+ Rxg8 35. hxg8=Q+ Rxg8 36. Bxg8 Kxg8 37. Rg7+ Kh8 38. Ra7 1-0

[Event "Copa Latinoamericana de Ajedrez 2011"]
[Site "Montevideo URU"]
[Date "2011.11.02"]
[Round "2.92"]
[White "Lopes da Luz, Paulo"]
[Black "Ferrari, Carlos"]
[Result "1-0"]
[WhiteElo "1798"]
[BlackElo "1888"]
[PlyCount "35"]
[EventDate "2011.11.01"]
[EventType "swiss"]
[EventRounds "9"]
[EventCountry "URU"]
[Source "lmi"]
[SourceDate "2011.11.01"]

1. e4 e5 2. Nf3 Nc6 3. Bb5 a6 4. Ba4 Nf6 5. O-O Bc5 6. c3 b5 7. Bc2 d6 8. d4
exd4 9. cxd4 Bb6 10. h3 O-O 11. Bg5 Bb7 12. Nc3 h6 13. Bh4 Na5 14. Qd3 g6 15.
b4 Nc6 16. Nd5 g5 17. e5 Ne4 18. Nf6+ 1-0

[Event "Copa Latinoamericana de Ajedrez 2011"]
[Site "Montevideo URU"]
[Date "2011.11.02"]
[Round "2.93"]
[White "Rodriguez Lazo, Luis"]
[Black "Tramutolo, Gustavo"]
[Result "1-0"]
[WhiteElo "1879"]
[BlackElo "1636"]
[PlyCount "61"]
[EventDate "2011.11.01"]
[EventType "swiss"]
[EventRounds "9"]
[EventCountry "URU"]
[Source "lmi"]
[SourceDate "2011.11.01"]

1. d4 d5 2. c4 c6 3. Nc3 Nf6 4. Nf3 Bf5 5. e3 Nbd7 6. Be2 dxc4 7. Bxc4 Nb6 8.
Bb3 e6 9. O-O a5 10. Ne5 Bd6 11. f4 a4 12. Nxa4 Be4 13. Nc3 Nbd5 14. Nxe4 Nxe4
15. Bc2 Ndf6 16. Qf3 Bxe5 17. dxe5 Nd2 18. Qe2 Nfe4 19. Rd1 Qb6 20. Bxd2 Qxb2
21. Bxe4 f5 22. exf6 Qxf6 23. Qc4 O-O 24. Bc3 Qf7 25. Rd2 Ra6 26. Rad1 b5 27.
Qb3 Re8 28. Rd7 Re7 29. Rd8+ Re8 30. Bb4 Ra7 31. Bxc6 1-0

[Event "Copa Latinoamericana de Ajedrez 2011"]
[Site "Montevideo URU"]
[Date "2011.11.02"]
[Round "2.94"]
[White "Dominguez, Facundo"]
[Black "Duarde Boabaid, Jorge Alberto"]
[Result "1/2-1/2"]
[WhiteElo "1786"]
[BlackElo "1879"]
[PlyCount "118"]
[EventDate "2011.11.01"]
[EventType "swiss"]
[EventRounds "9"]
[EventCountry "URU"]
[Source "lmi"]
[SourceDate "2011.11.01"]

1. e4 e5 2. Nf3 Nc6 3. d4 exd4 4. Nxd4 d6 5. Bb5 Bd7 6. Be3 Be7 7. Nc3 Nf6 8.
O-O O-O 9. f3 a6 10. Nxc6 bxc6 11. Bd3 Re8 12. Re1 Be6 13. Bg5 h6 14. Bh4 Nh5
15. Bxe7 Qxe7 16. g3 Qg5 17. Qc1 Qf6 18. Qe3 Bd7 19. f4 g6 20. e5 Qg7 21. Re2
Bg4 22. Ree1 Qf8 23. Kg2 d5 24. Qf2 Ng7 25. h3 Bd7 26. g4 Qb4 27. Rab1 Ne6 28.
Kg3 g5 29. Ne2 gxf4+ 30. Nxf4 Nxf4 31. Qxf4 Qxf4+ 32. Kxf4 Kg7 33. Bf5 Be6 34.
h4 c5 35. h5 Rab8 36. Rg1 Rb4+ 37. Kf3 d4 38. a3 Rb6 39. b3 a5 40. a4 Rb4 41.
Rbe1 c4 42. Bxe6 Rxe6 43. Ke4 cxb3 44. cxb3 Rxb3 45. Kxd4 Rb4+ 46. Kc5 Rxa4 47.
Kb5 Ra2 48. g5 Rb6+ 49. Kc4 Rb4+ 50. Kc3 Ra3+ 51. Kc2 Rf3 52. g6 Rh3 53. gxf7+
Kxf7 54. e6+ Ke7 55. Rg7+ Kd6 56. e7 Rh2+ 57. Kd3 Rh3+ 58. Kd2 Rh2+ 59. Kd3
Rh3+ 1/2-1/2

[Event "Copa Latinoamericana de Ajedrez 2011"]
[Site "Montevideo URU"]
[Date "2011.11.02"]
[Round "2.95"]
[White "Piñero, Ismael"]
[Black "Rijo, Pedro"]
[Result "1-0"]
[WhiteElo "1874"]
[BlackElo "1585"]
[PlyCount "51"]
[EventDate "2011.11.01"]
[EventType "swiss"]
[EventRounds "9"]
[EventCountry "URU"]
[Source "lmi"]
[SourceDate "2011.11.01"]

1. e4 e5 2. Nf3 Nc6 3. Bb5 a6 4. Bc4 Bc5 5. d3 b5 6. Bb3 d6 7. c3 Bg4 8. O-O h6
9. Qe2 b4 10. h3 Bh5 11. Ba4 Nge7 12. g4 Bg6 13. d4 exd4 14. cxd4 Bxd4 15. Nxd4
O-O 16. Nxc6 Nxc6 17. Bxc6 Rb8 18. Nd2 Rb6 19. Ba4 c5 20. Bb3 Re8 21. Qf3 Re7
22. Bd5 Kh8 23. Nc4 Rb8 24. Bf4 Qe8 25. Nxd6 Qf8 26. Nf5 1-0

[Event "Copa Latinoamericana de Ajedrez 2011"]
[Site "Montevideo URU"]
[Date "2011.11.02"]
[Round "2.97"]
[White "Fernandez, Carlos"]
[Black "Quevedo, Andreina"]
[Result "1-0"]
[WhiteElo "1865"]
[BlackElo "1530"]
[PlyCount "105"]
[EventDate "2011.11.01"]
[EventType "swiss"]
[EventRounds "9"]
[EventCountry "URU"]
[Source "lmi"]
[SourceDate "2011.11.01"]

1. e4 e5 2. f4 Nc6 3. Nf3 d6 4. d4 exd4 5. Nxd4 Nf6 6. Nxc6 bxc6 7. Nc3 Be7 8.
Be2 O-O 9. O-O Re8 10. Bf3 Qd7 11. h3 Bf8 12. Re1 Kh8 13. Be3 a6 14. Bd4 Ng8
15. e5 dxe5 16. fxe5 f6 17. Bg4 Qd8 18. e6 Qd6 19. Ne4 Qd5 20. Nc3 Qd6 21. Bf2
Qxd1 22. Raxd1 Nh6 23. Bf3 Rxe6 24. Rxe6 Bxe6 25. Bxc6 Rb8 26. b3 Nf5 27. Bd7
Bxd7 28. Rxd7 Bd6 29. Nd5 Rc8 30. c4 Kg8 31. g4 Nh6 32. c5 Bf8 33. Nxc7 a5 34.
Ne6 Nf7 35. Nxf8 Kxf8 36. Ra7 Ng5 37. Kg2 Ne4 38. Rxa5 g5 39. b4 Rc7 40. Ra6
Ke7 41. a4 Rd7 42. Be3 Rc7 43. c6 Kd6 44. b5 Nc5 45. Ra8 Ne6 46. Bb6 Re7 47.
Ra7 Nf4+ 48. Kf3 Rxa7 49. Bxa7 Kc7 50. a5 Nxh3 51. a6 Nf4 52. b6+ Kxc6 53. b7
1-0

[Event "Copa Latinoamericana de Ajedrez 2011"]
[Site "Montevideo URU"]
[Date "2011.11.02"]
[Round "2.98"]
[White "Sanchez Britos, Ezequiel"]
[Black "Blanchard, Marcel"]
[Result "0-1"]
[WhiteElo "1682"]
[BlackElo "1840"]
[PlyCount "52"]
[EventDate "2011.11.01"]
[EventType "swiss"]
[EventRounds "9"]
[EventCountry "URU"]
[Source "lmi"]
[SourceDate "2011.11.01"]

1. e4 e5 2. Nf3 Nc6 3. Nc3 Nf6 4. Bc4 Bc5 5. O-O d6 6. h3 a6 7. a3 Be6 8. b4
Bxc4 9. Re1 Ba7 10. d3 Be6 11. Ng5 O-O 12. Nxe6 fxe6 13. Bg5 Bxf2+ 14. Kxf2
Nxe4+ 15. Kg1 Nxg5 16. Ne4 Nxe4 17. Rxe4 Qf6 18. Qf1 Qxf1+ 19. Rxf1 Rxf1+ 20.
Kxf1 Rf8+ 21. Ke1 Rf4 22. Re3 Nd4 23. Rg3 Nxc2+ 24. Kd2 Nxa3 25. Ke3 Nc2+ 26.
Kd2 Nxb4 0-1

[Event "Copa Latinoamericana de Ajedrez 2011"]
[Site "Montevideo URU"]
[Date "2011.11.02"]
[Round "2.99"]
[White "Luzuriaga, Norberto"]
[Black "Bengochea, Ricardo"]
[Result "1-0"]
[WhiteElo "1836"]
[BlackElo "1504"]
[PlyCount "35"]
[EventDate "2011.11.01"]
[EventType "swiss"]
[EventRounds "9"]
[EventCountry "URU"]
[Source "lmi"]
[SourceDate "2011.11.01"]

1. d4 d5 2. c4 e6 3. Nc3 Nf6 4. Bg5 Be7 5. e3 O-O 6. Nf3 c6 7. Bd3 Nbd7 8. Rc1
c5 9. O-O cxd4 10. Nxd4 Ne5 11. Bxf6 Bxf6 12. cxd5 Nxd3 13. Qxd3 exd5 14. Nce2
Be6 15. b3 Qd7 16. Rfd1 a6 17. Qd2 Rac8 18. Nc3 1-0

[Event "Copa Latinoamericana de Ajedrez 2011"]
[Site "Montevideo URU"]
[Date "2011.11.02"]
[Round "2.100"]
[White "De Leon, Veronica"]
[Black "De Mello, Rodrigo"]
[Result "1-0"]
[WhiteElo "1639"]
[BlackElo "1832"]
[PlyCount "99"]
[EventDate "2011.11.01"]
[EventType "swiss"]
[EventRounds "9"]
[EventCountry "URU"]
[Source "lmi"]
[SourceDate "2011.11.01"]

1. c4 c5 2. Nc3 Nf6 3. g3 e6 4. Bg2 Nc6 5. d3 Be7 6. Nf3 O-O 7. O-O d6 8. Ne1
e5 9. Nc2 Be6 10. Ne3 Qd7 11. Ned5 Bh3 12. e4 Bxg2 13. Kxg2 Nxd5 14. Nxd5 f5
15. f4 fxe4 16. dxe4 Bf6 17. f5 Qd8 18. Qg4 Ne7 19. Nxf6+ Rxf6 20. Bg5 Rf7 21.
Bh6 Qd7 22. Qg5 Nc6 23. f6 g6 24. h4 Nd4 25. h5 Ne6 26. Qh4 g5 27. Bxg5 Nxg5
28. Qxg5+ Kh8 29. Rf5 Raf8 30. b3 a6 31. Raf1 Qc8 32. g4 Rg8 33. Qh4 Qf8 34.
Kh3 h6 35. g5 hxg5 36. Rxg5 Qh6 37. Rg6 Qe3+ 38. Qg3 Qxg3+ 39. Kxg3 b5 40. cxb5
axb5 41. Kg4 Ra8 42. Rf2 c4 43. Rc2 Rc8 44. Rc3 Ra7 45. Rc2 Kh7 46. Kf5 Re8 47.
bxc4 bxc4 48. Rxc4 Rxa2 49. Rc7+ Kh8 50. Rh6+ 1-0

[Event "Copa Latinoamericana de Ajedrez 2011"]
[Site "Montevideo URU"]
[Date "2011.11.02"]
[Round "2.101"]
[White "Casas, Nicolas"]
[Black "Baes, Diego"]
[Result "1-0"]
[WhiteElo "1811"]
[BlackElo "1377"]
[PlyCount "57"]
[EventDate "2011.11.01"]
[EventType "swiss"]
[EventRounds "9"]
[EventCountry "URU"]
[Source "lmi"]
[SourceDate "2011.11.01"]

1. d4 Nf6 2. c4 e6 3. Bg5 Bb4+ 4. Nc3 c6 5. Qc2 d5 6. e3 Nbd7 7. Nf3 Qc7 8. a3
Bxc3+ 9. bxc3 b6 10. Bf4 Qd8 11. cxd5 cxd5 12. Bb5 Bb7 13. Bg5 a6 14. Bd3 Rc8
15. Ne5 Qc7 16. Nxd7 Nxd7 17. Rc1 e5 18. Bxh7 e4 19. Bf4 Qc4 20. Bf5 b5 21.
Bxd7+ Kxd7 22. Qd1 f5 23. Be5 Rh7 24. g4 Rch8 25. gxf5 Rxh2 26. Rxh2 Rxh2 27.
Bxh2 Qc6 28. Be5 Qh6 29. Qg4 1-0

[Event "Copa Latinoamericana de Ajedrez 2011"]
[Site "Montevideo URU"]
[Date "2011.11.02"]
[Round "2.102"]
[White "Sanchez Britos, Alexander"]
[Black "Passos Coutinho, Eduardo"]
[Result "0-1"]
[WhiteElo "1682"]
[BlackElo "1810"]
[PlyCount "60"]
[EventDate "2011.11.01"]
[EventType "swiss"]
[EventRounds "9"]
[EventCountry "URU"]
[Source "lmi"]
[SourceDate "2011.11.01"]

1. e4 c5 2. Nf3 d6 3. c3 Nf6 4. e5 dxe5 5. Nxe5 Qd5 6. Nf3 Nc6 7. c4 Qd8 8. Nc3
g6 9. d3 Bg7 10. g3 O-O 11. Bg2 Bf5 12. Bf1 Qd7 13. h3 Rfd8 14. g4 Bxd3 15.
Bxd3 Qxd3 16. Qxd3 Rxd3 17. Nh4 Rad8 18. Bg5 h6 19. Bxf6 Bxf6 20. Ng2 Bxc3+ 21.
bxc3 Rxc3 22. O-O Rxc4 23. Ne3 Rb4 24. h4 Ne5 25. f3 Rd3 26. Rae1 f6 27. f4
Nxg4 28. Nc2 Rb2 29. Na1 Rg3+ 30. Kh1 Rh2# 0-1

[Event "Copa Latinoamericana de Ajedrez 2011"]
[Site "Montevideo URU"]
[Date "2011.11.02"]
[Round "2.104"]
[White "Pintos, Luis"]
[Black "Barra De Oliveira, Francemir"]
[Result "0-1"]
[WhiteElo "1567"]
[BlackElo "1806"]
[PlyCount "33"]
[EventDate "2011.11.01"]
[EventType "swiss"]
[EventRounds "9"]
[EventCountry "URU"]
[Source "lmi"]
[SourceDate "2011.11.01"]

1. c4 Nf6 2. g3 e5 3. Nc3 c6 4. Bg2 d6 5. e4 Be7 6. Nge2 Bg4 7. f3 Bh5 8. O-O
O-O 9. b3 Nbd7 10. Bb2 Nc5 11. d4 Ncd7 12. d5 Ne8 13. dxc6 bxc6 14. h4 Bg6 15.
Bc1 Rc8 16. f4 f5 17. fxe5 0-1

[Event "Copa Latinoamericana de Ajedrez 2011"]
[Site "Montevideo URU"]
[Date "2011.11.02"]
[Round "2.105"]
[White "Roibal, Felisardo"]
[Black "Ligato, Guillermo"]
[Result "0-1"]
[WhiteElo "1518"]
[BlackElo "1789"]
[PlyCount "89"]
[EventDate "2011.11.01"]
[EventType "swiss"]
[EventRounds "9"]
[EventCountry "URU"]
[Source "lmi"]
[SourceDate "2011.11.01"]

1. e4 g6 2. d4 c6 3. Nf3 d5 4. Nc3 dxe4 5. Nxe4 Nf6 6. Nxf6+ exf6 7. Be3 Bd6 8.
Be2 Na6 9. c3 Nc7 10. Qd2 Nd5 11. a3 Qa5 12. O-O O-O 13. c4 Qxd2 14. Bxd2 Nf4
15. Bd1 Bf5 16. c5 Bc7 17. Bc3 Rfe8 18. Bb3 Be4 19. Rfe1 Nh3+ 20. gxh3 Bxf3 21.
Re3 Rxe3 22. fxe3 Bd5 23. Bxd5 cxd5 24. Kg2 f5 25. b4 Re8 26. Re1 Re6 27. a4
Bd8 28. Kf3 Bg5 29. Bd2 h5 30. b5 Bd8 31. a5 Bc7 32. Re2 Bd8 33. Be1 Kf8 34. b6
a6 35. Bg3 Ke8 36. Rc2 Kd7 37. Bd6 Kc6 38. Rb2 Re4 39. Bg3 Bg5 40. Re2 Bh6 41.
h4 Bg7 42. Rg2 Bf6 43. Bf4 Bxh4 44. Bg5 Be1 45. Ra2 0-1